[Event "Amsterdam Science Park op-A"]
[Site "Amsterdam"]
[Date "2016.07.09"]
[Round "1"]
[White "Ootes, Lennart"]
[Black "Jonkman, Harmen"]
[Result "0-1"]
[WhiteElo "2113"]
[BlackElo "2421"]
[PlyCount "58"]
[EventDate "2016.07.09"]
[EventType "swiss"]
[EventRounds "9"]
[EventCountry "NED"]
[SourceTitle "CBM 173 Extra"]
[Source "ChessBase"]
[SourceDate "2016.08.29"]
[SourceVersion "1"]
[SourceVersionDate "2016.08.29"]
[SourceQuality "1"]

1. e4 e5 2. Nf3 Nc6 3. Nc3 g6 4. Bc4 Bg7 5. d3 d6 6. Ng5 Nh6 7. a3 Nd4 8. Ne2 Ne6 9. Nxe6 Bxe6 10. Bxe6 fxe6 11. Ng1 Nf7 12. Nf3 Qf6 13. Be3 Bh6 14. Bxh6 Nxh6 15. Qd2 Nf7 16. 0-0 0-0-0 17. d4 g5 18. dxe5 Nxe5 19. Nxe5 Qxe5 20. Qe3 b6 21. Rad1 Rhf8 22. Rd4 Kb7 23. Rfd1 g4 24. Qe2 Rf4 25. Ra4 a5 26. g3 Rf3 27. b4 Rdf8 28. Rf1 Ra8 29. Qe1 Qb5 0-1

[Event "Australian Masters-B"]
[Site "Melbourne"]
[Date "2013.12.20"]
[Round "7"]
[White "Ootes, Lennart"]
[Black "Smith, Robert Wayne"]
[Result "1/2-1/2"]
[WhiteElo "2147"]
[BlackElo "2238"]
[PlyCount "99"]
[EventDate "2013.12.14"]
[EventType "tourn"]
[EventRounds "9"]
[EventCountry "AUS"]
[SourceTitle "CBM 158 Extra"]
[Source "ChessBase"]
[SourceDate "2014.02.28"]
[SourceVersion "1"]
[SourceVersionDate "2014.02.28"]
[SourceQuality "1"]

1. e4 d6 2. d4 Nd7 3. Nc3 e5 4. Nf3 Ngf6 5. g4 h6 6. Rg1 c6 7. a4 a5 8. h4 g6 9. Bc4 Nb6 10. Ba2 Bxg4 11. dxe5 Bxf3 12. Qxf3 dxe5 13. Be3 Nbd7 14. 0-0-0 Qe7 15. Rd2 h5 16. Rgd1 Rd8 17. Bg5 Bh6 18. Kb1 Bxg5 19. hxg5 Nh7 20. Rd6 Nxg5 21. Qd3 h4 22. f4 exf4 23. e5 h3 24. e6 Nxe6 25. Bxe6 fxe6 26. Qxg6+ Qf7 27. Rxe6+ Kf8 28. Qg5 Qxe6 29. Qxd8+ Qe8 30. Rxd7 Qxd8 31. Rxd8+ Kg7 32. Rxh8 Kxh8 33. Ne4 h2 34. Nf2 Kg7 35. Kc1 Kf7 36. Kd2 Ke6 37. Kd3 Kd5 38. b3 b5 39. c4+ bxc4+ 40. bxc4+ Ke6 41. Ke4 Kd6 42. Kd4 Ke6 43. Nh1 Kf5 44. c5 f3 45. Nf2 Kf4 46. Nh1 f2 47. Nxf2 Kf3 48. Nh1 Kg2 49. Ke3 Kxh1 50. Kf2 1/2-1/2

[Event "Australian Masters-B"]
[Site "Melbourne"]
[Date "2013.12.19"]
[Round "6"]
[White "Levi, Eddy"]
[Black "Ootes, Lennart"]
[Result "1-0"]
[WhiteElo "2146"]
[BlackElo "2147"]
[PlyCount "125"]
[EventDate "2013.12.14"]
[EventType "tourn"]
[EventRounds "9"]
[EventCountry "AUS"]
[SourceTitle "CBM 158 Extra"]
[Source "ChessBase"]
[SourceDate "2014.02.28"]
[SourceVersion "1"]
[SourceVersionDate "2014.02.28"]
[SourceQuality "1"]

1. e4 e5 2. Nf3 Nc6 3. Bc4 Nf6 4. d4 exd4 5. 0-0 Nxe4 6. Re1 d5 7. Bxd5 Qxd5 8. Nc3 Qh5 9. Nxe4 Be6 10. Neg5 0-0-0 11. Nxe6 fxe6 12. Rxe6 Bd6 13. h3 h6 14. Qe2 Qd5 15. Re4 Rhf8 16. Bd2 Bc5 17. Qd3 Rfe8 18. Rae1 Rxe4 19. Qxe4 Qxe4 20. Rxe4 a5 21. Ne1 Bb4 22. Bf4 Bxe1 23. Rxe1 b6 24. Re6 Kb7 25. a3 Rd5 26. Rg6 Rd7 27. g3 Re7 28. b3 b5 29. Kf1 Kb6 30. Bd2 Kc5 31. f4 a4 32. bxa4 bxa4 33. f5 Rf7 34. g4 Ne5 35. Re6 Nc4 36. Bb4+ Kb5 37. Re8 Ne3+ 38. Ke2 Nxc2 39. Re7 Rxe7+ 40. Bxe7 Kc4 41. Bf8 d3+ 42. Kd2 Nd4 43. Bxg7 Nf3+ 44. Kd1 Kd5 45. Bxh6 c5 46. Bg7 c4 47. Bc3 Ng5 48. f6 Ke6 49. h4 Ne4 50. Bd4 c3 51. g5 c2+ 52. Kc1 Ng3 53. Bb2 Ne4 54. Bd4 Ng3 55. Be3 Nf5 56. Bf2 Nd6 57. h5 Kf5 58. Bc5 Nf7 59. g6 Kxf6 60. gxf7 Kxf7 61. Be3 Kf6 62. Kd2 Kf5 63. Kxd3 1-0

[Event "Australian Masters-B"]
[Site "Melbourne"]
[Date "2013.12.16"]
[Round "3"]
[White "Ootes, Lennart"]
[Black "Smirnov, Vladimir"]
[Result "0-1"]
[WhiteElo "2147"]
[BlackElo "2379"]
[PlyCount "88"]
[EventDate "2013.12.14"]
[EventType "tourn"]
[EventRounds "9"]
[EventCountry "AUS"]
[SourceTitle "CBM 158 Extra"]
[Source "ChessBase"]
[SourceDate "2014.02.28"]
[SourceVersion "1"]
[SourceVersionDate "2014.02.28"]
[SourceQuality "1"]

1. e4 c5 2. Nf3 Nc6 3. d4 cxd4 4. Nxd4 Nf6 5. Nc3 e5 6. Ndb5 h6 7. Nd6+ Bxd6 8. Qxd6 Qe7 9. Qxe7+ Kxe7 10. Be3 d6 11. f3 Be6 12. 0-0-0 a6 13. g4 Rac8 14. h4 Na5 15. Kb1 Nc4 16. Bc1 Na3+ 17. bxa3 Rxc3 18. Be2 Nd7 19. Rd2 Rhc8 20. Rhd1 R3c6 21. a4 Nc5 22. Ba3 Nxa4 23. Rxd6 Nc3+ 24. Ka1 Ke8 25. Rxc6 Rxc6 26. Rd2 Bxa2 27. Bf1 Be6 28. g5 h5 29. Rd6 Rxd6 30. Bxd6 f6 31. Bd3 b5 32. f4 exf4 33. Bxf4 Bc4 34. gxf6 gxf6 35. Be3 Ke7 36. Ba7 Ke6 37. Kb2 Bxd3 38. cxd3 Nxe4 39. dxe4 Ke5 40. Kb3 Kxe4 41. Kb4 f5 42. Ka5 f4 43. Bc5 f3 44. Bf2 Kd3 0-1

[Event "Australian Masters-B"]
[Site "Melbourne"]
[Date "2013.12.14"]
[Round "1"]
[White "Ootes, Lennart"]
[Black "Stojic, Dusan"]
[Result "0-1"]
[WhiteElo "2147"]
[BlackElo "2246"]
[PlyCount "46"]
[EventDate "2013.12.14"]
[EventType "tourn"]
[EventRounds "9"]
[EventCountry "AUS"]
[SourceTitle "CBM 158 Extra"]
[Source "ChessBase"]
[SourceDate "2014.02.28"]
[SourceVersion "1"]
[SourceVersionDate "2014.02.28"]
[SourceQuality "1"]

1. e4 c5 2. Nf3 d6 3. d4 Nf6 4. Nc3 cxd4 5. Nxd4 a6 6. Be2 e5 7. Nb3 Be7 8. Bg5 Be6 9. Qd3 Nbd7 10. 0-0-0 Qc7 11. h4 Rc8 12. Kb1 b5 13. Nd5 Bxd5 14. exd5 Nb6 15. Bxf6 Bxf6 16. g4 Na4 17. Qe4 Qc3 18. bxc3 Nxc3+ 19. Kb2 Nxe4 20. g5 Bd8 21. Rhf1 Bb6 22. Bg4 Rc4 23. f4 Nf2 0-1

[Event "Groningen op-A 50th"]
[Site "Groningen"]
[Date "2012.12.24"]
[Round "4"]
[White "Gieben, Stijn"]
[Black "Ootes, Lennart"]
[Result "1-0"]
[WhiteElo "2048"]
[BlackElo "2209"]
[PlyCount "143"]
[EventDate "2012.12.21"]
[EventType "swiss"]
[EventRounds "9"]
[EventCountry "NED"]
[SourceTitle "CBM 152 Extra"]
[Source "ChessBase"]
[SourceDate "2013.02.25"]
[SourceVersion "1"]
[SourceVersionDate "2013.02.25"]
[SourceQuality "1"]

1. e4 e5 2. Nf3 Nc6 3. Bb5 Nd4 4. Nxd4 exd4 5. 0-0 Bc5 6. d3 c6 7. Bc4 d5 8. Bb3 Ne7 9. Bg5 f6 10. Bh4 0-0 11. Nd2 Ng6 12. Bg3 Kh8 13. f4 Re8 14. Qh5 Ne7 15. Rae1 Be6 16. f5 Bg8 17. Bh4 Rf8 18. e5 Bf7 19. Qg4 Ng8 20. Qh3 Bb4 21. Re2 Bxd2 22. Rxd2 Qa5 23. Re2 fxe5 24. Rxe5 Rae8 25. Be1 Qd8 26. Bg3 Qf6 27. Rfe1 Nh6 28. Qh4 Rxe5 29. Rxe5 Bg8 30. Qxf6 gxf6 31. Re7 Rf7 32. Rxf7 Bxf7 33. Bb8 a6 34. Ba7 Nxf5 35. g4 Nh6 36. h3 Kg7 37. Bxd4 Kg6 38. c3 Be6 39. Kg2 Nf7 40. Be3 f5 41. gxf5+ Bxf5 42. d4 Be4+ 43. Kg3 Nd6 44. Kf4 Nf5 45. Bf2 Kf6 46. Bd1 Bb1 47. a4 Be4 48. h4 Nd6 49. b3 Bd3 50. h5 Nf5 51. a5 Nd6 52. Bh4+ Ke6 53. Bg4+ Bf5 54. Be1 Kf6 55. Bf3 Bc2 56. Bh4+ Ke6 57. Bg4+ Bf5 58. Be2 Bc2 59. c4 Bxb3 60. Bg4+ Kf7 61. c5 Nc4 62. Be1 Ba4 63. Kg5 Kg7 64. h6+ Kf7 65. Bf5 Ne3 66. Bxh7 Bc2 67. Bxc2 Nxc2 68. Bf2 Na1 69. Bg3 Nc2 70. Be5 Ne1 71. h7 Nf3+ 72. Kh6 1-0

[Event "Roosendaal LBV op-A"]
[Site "Roosendaal"]
[Date "2012.08.18"]
[Round "5"]
[White "Ootes, Lennart"]
[Black "Eerens, Pim"]
[Result "1-0"]
[WhiteElo "2209"]
[BlackElo "2180"]
[PlyCount "119"]
[EventDate "2012.08.16"]
[EventType "swiss"]
[EventRounds "6"]
[EventCountry "NED"]
[SourceTitle "CBM 150 Extra"]
[Source "ChessBase"]
[SourceDate "2012.10.19"]
[SourceVersion "1"]
[SourceVersionDate "2012.10.19"]
[SourceQuality "1"]

1. e4 e6 2. d4 d5 3. Nc3 Bb4 4. e5 c5 5. a3 Bxc3+ 6. bxc3 Qc7 7. Qg4 f5 8. Qg3 Nc6 9. Nf3 Nge7 10. Bd2 0-0 11. Bd3 cxd4 12. cxd4 f4 13. Qh3 Nf5 14. c3 g6 15. g4 Ng7 16. Qg2 Ne7 17. h4 h6 18. Ke2 Bd7 19. Qh2 Rf7 20. Qg1 Ba4 21. Qb1 a6 22. Qb4 Bb5 23. Bxb5 axb5 24. Qxb5 Ra5 25. Qd3 Qc4 26. Rhb1 Nc6 27. Qxc4 dxc4 28. Bc1 b5 29. Nd2 Ne8 30. Ne4 Ne7 31. a4 bxa4 32. Rb8 Rf8 33. Ba3 f3+ 34. Kd2 Nc6 35. Rb6 Rf4 36. Ke3 Nc7 37. Kxf4 Nd5+ 38. Kxf3 Nxb6 39. Rb1 Nd5 40. Rb7 Ra7 41. Rb5 Nxc3 42. Nxc3 Nxd4+ 43. Ke4 Nxb5 44. Nxb5 Rb7 45. Nd6 Rb3 46. Nxc4 Rc3 47. Kd4 Rh3 48. Kc5 Rxh4 49. Kd6 Kf7 50. Kd7 Rxg4 51. Nd6+ Kg8 52. Kxe6 Rf4 53. Ne8 Rf3 54. Nf6+ Kh8 55. Bc5 a3 56. Kf7 a2 57. Bd4 Rxf2 58. e6 Re2 59. Nd7+ Kh7 60. Nf8# 1-0

[Event "Roosendaal LBV op-A"]
[Site "Roosendaal"]
[Date "2012.08.17"]
[Round "3"]
[White "Ootes, Lennart"]
[Black "Leenhouts, Koen"]
[Result "0-1"]
[WhiteElo "2209"]
[BlackElo "2390"]
[PlyCount "72"]
[EventDate "2012.08.16"]
[EventType "swiss"]
[EventRounds "6"]
[EventCountry "NED"]
[SourceTitle "CBM 150 Extra"]
[Source "ChessBase"]
[SourceDate "2012.10.19"]
[SourceVersion "1"]
[SourceVersionDate "2012.10.19"]
[SourceQuality "1"]

1. e4 d6 2. d4 Nf6 3. Nc3 e5 4. Nf3 Nbd7 5. g4 Nxg4 6. Rg1 Ngf6 7. Bc4 h6 8. Be3 c6 9. a4 Qa5 10. Qd2 b5 11. Bd3 Bb7 12. b4 Qxb4 13. Rb1 Qa5 14. axb5 c5 15. dxe5 dxe5 16. b6 c4 17. Rb5 Qa1+ 18. Rb1 Qxb1+ 19. Nxb1 cxd3 20. cxd3 axb6 21. Qb2 Ra4 22. Bd2 Nxe4 23. dxe4 Rxe4+ 24. Kd1 Rg4 25. Rxg4 Bxf3+ 26. Ke1 Bxg4 27. Qc2 Nc5 28. Qa2 Be7 29. Qa7 Bd8 30. Nc3 0-0 31. Nd5 Bf3 32. Nxb6 Nd3+ 33. Kf1 Bh4 34. Be3 Rd8 35. Qa4 Nb2 36. Qxh4 Rd1# 0-1

[Event "NED-chT 1112"]
[Site "Netherlands"]
[Date "2012.04.22"]
[Round "9.6"]
[White "Ootes, Lennart"]
[Black "Lindeman, Johan W"]
[Result "1-0"]
[WhiteElo "2197"]
[BlackElo "2032"]
[PlyCount "59"]
[EventDate "2011.09.17"]
[EventType "team-tourn"]
[EventRounds "9"]
[EventCountry "NED"]
[SourceTitle "EXT 2013"]
[Source "ChessBase"]
[SourceDate "2012.11.22"]
[SourceVersion "1"]
[SourceVersionDate "2012.11.22"]
[SourceQuality "1"]
[WhiteTeam "BSG"]
[BlackTeam "Hilversum HSG"]
[WhiteTeamCountry "NED"]
[BlackTeamCountry "NED"]

1. e4 c6 2. Nc3 d5 3. Qe2 d4 4. Nb1 e5 5. g3 Nf6 6. Bg2 Bd6 7. d3 Be6 8. f4 Bg4 9. Bf3 Bxf3 10. Nxf3 Nbd7 11. 0-0 Qe7 12. fxe5 Bxe5 13. Nxe5 Qxe5 14. Nd2 c5 15. Nc4 Qe6 16. Bf4 0-0 17. a4 Nd5 18. Qh5 Nxf4 19. Rxf4 f6 20. Raf1 b6 21. Rh4 h6 22. Rf5 Qf7 23. Qg4 Kh7 24. Rfh5 Rad8 25. Qh3 Qg6 26. Rg4 Qf7 27. Nd6 Qa2 28. Rxg7+ Kxg7 29. Qg4+ Kh7 30. Rxh6+ 1-0

[Event "NED-chT 1112"]
[Site "Netherlands"]
[Date "2012.03.31"]
[Round "8.4"]
[White "Klip, Hans"]
[Black "Ootes, Lennart"]
[Result "1/2-1/2"]
[WhiteElo "2381"]
[BlackElo "2197"]
[PlyCount "93"]
[EventDate "2011.09.17"]
[EventType "team-tourn"]
[EventRounds "9"]
[EventCountry "NED"]
[SourceTitle "EXT 2013"]
[Source "ChessBase"]
[SourceDate "2012.11.22"]
[SourceVersion "1"]
[SourceVersionDate "2012.11.22"]
[SourceQuality "1"]
[WhiteTeam "Utrecht"]
[BlackTeam "BSG"]
[WhiteTeamCountry "NED"]
[BlackTeamCountry "NED"]

1. e4 e5 2. Bc4 Nf6 3. d3 Nc6 4. Nf3 h6 5. 0-0 d6 6. c3 g6 7. d4 Qe7 8. Re1 Bg7 9. Nbd2 0-0 10. h3 Nh5 11. Nf1 Nd8 12. Ne3 Ne6 13. b3 Nef4 14. Ba3 Kh7 15. dxe5 Bxe5 16. Nxe5 Qxe5 17. Qf3 Ne6 18. Ng4 Qg7 19. e5 Ng5 20. Qe3 Re8 21. f4 Ne6 22. exd6 Nhxf4 23. Qe5 Qxe5 24. Nxe5 cxd6 25. Nxf7 d5 26. Bb5 Rg8 27. Nd6 Rg7 28. c4 d4 29. c5 Bd7 30. Bc4 Rf8 31. Bb2 g5 32. Kh2 g4 33. hxg4 Rxg4 34. g3 Rfg8 35. Rg1 d3 36. Rad1 Ng5 37. Bxd3+ Nxd3 38. Rxd3 Bc6 39. Rf1 h5 40. Re3 h4 41. Re7+ Kg6 42. Rf6+ Kh5 43. Nf5 hxg3+ 44. Nxg3+ Rxg3 45. Kxg3 Ne4+ 46. Kf4 Nxf6 47. Bxf6 1/2-1/2

[Event "NED-chT 1112"]
[Site "Netherlands"]
[Date "2012.03.10"]
[Round "7.1"]
[White "Peek, Maurice"]
[Black "Ootes, Lennart"]
[Result "1-0"]
[WhiteElo "2404"]
[BlackElo "2197"]
[PlyCount "55"]
[EventDate "2011.09.17"]
[EventType "team-tourn"]
[EventRounds "9"]
[EventCountry "NED"]
[SourceTitle "EXT 2013"]
[Source "ChessBase"]
[SourceDate "2012.11.22"]
[SourceVersion "1"]
[SourceVersionDate "2012.11.22"]
[SourceQuality "1"]
[WhiteTeam "De Stukkenjagers"]
[BlackTeam "BSG"]
[WhiteTeamCountry "NED"]
[BlackTeamCountry "NED"]

1. d4 Nf6 2. c4 c5 3. d5 e5 4. Nc3 d6 5. e4 Nbd7 6. Nf3 Be7 7. Be2 0-0 8. 0-0 Ne8 9. Ne1 g6 10. Nd3 Ng7 11. f4 Bf6 12. Bg4 Qe7 13. Bxd7 Bxd7 14. fxe5 Bxe5 15. Nxe5 Qxe5 16. Bf4 Qe7 17. Qf3 f6 18. Qg3 Ne8 19. Rf2 a6 20. a4 Rb8 21. Raf1 b5 22. e5 bxc4 23. exf6 Qf7 24. Bh6 Rb4 25. Bxf8 Kxf8 26. Ne4 Qxd5 27. f7 Ng7 28. Nf6 1-0

[Event "NED-chT 1112"]
[Site "Netherlands"]
[Date "2012.02.11"]
[Round "6.10"]
[White "Ootes, Lennart"]
[Black "Zaragatski, Ilja"]
[Result "1/2-1/2"]
[WhiteElo "2197"]
[BlackElo "2474"]
[PlyCount "46"]
[EventDate "2011.09.17"]
[EventType "team-tourn"]
[EventRounds "9"]
[EventCountry "NED"]
[SourceTitle "EXT 2013"]
[Source "ChessBase"]
[SourceDate "2012.11.22"]
[SourceVersion "1"]
[SourceVersionDate "2012.11.22"]
[SourceQuality "1"]
[WhiteTeam "BSG"]
[BlackTeam "Apeldoorn"]
[WhiteTeamCountry "NED"]
[BlackTeamCountry "NED"]

1. e4 e6 2. d4 d5 3. exd5 exd5 4. Bd3 c5 5. c3 Nc6 6. Nf3 c4 7. Bc2 Bd6 8. 0-0 Nge7 9. Re1 Qc7 10. Nbd2 0-0 11. b3 b5 12. Nf1 h6 13. Ne3 Be6 14. h3 Qd7 15. Nh4 Rac8 16. Qh5 cxb3 17. axb3 Bf4 18. Nhf5 Nxf5 19. Nxf5 g6 20. Nxh6+ Kg7 21. Nf5+ Kg8 22. Nh6+ Kg7 23. Nf5+ Kg8 1/2-1/2

[Event "Copenhagen Challenge"]
[Site "Ballerup"]
[Date "2011.05.20"]
[Round "5"]
[White "Haubro, Martin"]
[Black "Ootes, Lennart"]
[Result "1/2-1/2"]
[WhiteElo "2003"]
[BlackElo "2194"]
[PlyCount "111"]
[EventDate "2011.05.18"]
[EventType "swiss"]
[EventRounds "9"]
[EventCountry "DEN"]
[SourceTitle "EXT 2018"]
[Source "ChessBase"]
[SourceDate "2017.10.13"]
[SourceVersion "1"]
[SourceVersionDate "2017.10.13"]
[SourceQuality "1"]

1. e4 e5 2. Nf3 Nc6 3. Bc4 Nf6 4. d3 h6 5. c3 d6 6. Bb3 g6 7. h3 Bg7 8. 0-0 0-0 9. Re1 Nh5 10. d4 Qe8 11. Be3 Kh8 12. dxe5 Nxe5 13. Nxe5 Qxe5 14. Qd2 Kh7 15. Na3 Bd7 16. Rad1 Bc6 17. Bd5 a6 18. Bxc6 bxc6 19. Bd4 Qe6 20. Bxg7 Nxg7 21. c4 Qe5 22. b3 Ne6 23. Nc2 a5 24. Nd4 Nxd4 25. Qxd4 Qxd4 26. Rxd4 c5 27. Rd5 Rfe8 28. Re3 Re6 29. e5 Ra6 30. exd6 cxd6 31. Red3 Kg7 32. g4 Kf6 33. f4 Ke7 34. Kf2 a4 35. f5 axb3 36. axb3 Ra2+ 37. Kg3 gxf5 38. Rxf5 Rae2 39. Rdf3 f6 40. Rh5 R6e3 41. Rxh6 Rxf3+ 42. Kxf3 Rb2 43. Rh7+ Ke6 44. Rb7 Ke5 45. Ke3 d5 46. Kd3 d4 47. Rb5 Kd6 48. b4 Rb3+ 49. Kc2 Rc3+ 50. Kd2 Rxc4 51. bxc5+ Kd5 52. Rb6 Rxc5 53. Rxf6 Rc3 54. h4 Rh3 55. h5 Ke4 56. Re6+ 1/2-1/2

[Event "Copenhagen Challenge"]
[Site "Ballerup"]
[Date "2011.05.19"]
[Round "3"]
[White "Andersen, Rune Egede"]
[Black "Ootes, Lennart"]
[Result "0-1"]
[WhiteElo "2063"]
[BlackElo "2194"]
[PlyCount "112"]
[EventDate "2011.05.18"]
[EventType "swiss"]
[EventRounds "9"]
[EventCountry "DEN"]
[SourceTitle "EXT 2018"]
[Source "ChessBase"]
[SourceDate "2017.10.13"]
[SourceVersion "1"]
[SourceVersionDate "2017.10.13"]
[SourceQuality "1"]

1. e4 e5 2. Nf3 Nc6 3. Bb5 Nd4 4. Nxd4 exd4 5. Qe2 Bc5 6. c3 Qe7 7. b4 Bb6 8. Bb2 c6 9. Bc4 Nf6 10. e5 Nd5 11. Bxd5 cxd5 12. cxd4 Qxb4 13. Ba3 Qxd4 14. Nc3 Bc5 15. Bxc5 Qxc5 16. 0-0 d6 17. exd6+ Be6 18. d7+ Kxd7 19. Rab1 Rab8 20. Rb5 Qc6 21. Rfb1 Rhc8 22. h3 b6 23. Qd3 Qc4 24. Qxh7 Qd4 25. Qc2 Rc4 26. a3 Qe5 27. R5b4 Rxb4 28. axb4 b5 29. Ra1 Ke8 30. Qd3 Rb7 31. Rc1 a6 32. Ne2 Rc7 33. Rxc7 Qxc7 34. Qd4 Qc4 35. d3 Qxd4 36. Nxd4 Kd7 37. Kf1 Kd6 38. f4 Bd7 39. Ke2 Kc7 40. Nb3 Kb6 41. Ke3 Kc6 42. Kd4 Kd6 43. h4 Bg4 44. Nc5 Bc8 45. g3 f6 46. Nb3 Bf5 47. Nd2 Bg4 48. Nf1 Be6 49. Ne3 Kc6 50. g4 Kd6 51. f5 Bf7 52. h5 Kc6 53. Ng2 a5 54. bxa5 b4 55. Nf4 Kb5 56. a6 Kxa6 0-1

[Event "Delft Prinsenstad op-A"]
[Site "Delft"]
[Date "2011.04.23"]
[Round "2"]
[White "Cebula, Jerzy"]
[Black "Ootes, Lennart"]
[Result "0-1"]
[WhiteElo "1954"]
[BlackElo "2266"]
[PlyCount "76"]
[EventDate "2011.04.22"]
[EventType "swiss"]
[EventRounds "6"]
[EventCountry "NED"]
[SourceTitle "EXT 2013"]
[Source "ChessBase"]
[SourceDate "2012.11.22"]
[SourceVersion "1"]
[SourceVersionDate "2012.11.22"]
[SourceQuality "1"]

1. e4 e5 2. Nf3 Nc6 3. Bb5 Nd4 4. Nxd4 exd4 5. 0-0 Bc5 6. d3 c6 7. Bc4 d5 8. exd5 cxd5 9. Bb5+ Kf8 10. Nd2 Nf6 11. h3 Qa5 12. b4 Bxb4 13. Rb1 a6 14. Bc4 Be6 15. Bb3 Qc7 16. Nf3 Bc3 17. Bg5 h6 18. Bh4 Nh5 19. Nxd4 Bxd4 20. Qxh5 g5 21. c3 Qxc3 22. Bg3 Rc8 23. Rbc1 Qxc1 24. Rxc1 Rxc1+ 25. Kh2 Kg7 26. h4 f6 27. Qe2 Bf7 28. Qd2 Rc3 29. Qe2 Re8 30. Qf3 Re1 31. hxg5 hxg5 32. Bxd5 Rcc1 33. Bd6 Bxd5 34. Qxd5 Bxf2 35. Qxb7+ Kg6 36. g3 Bd4 37. Qd5 Rc2+ 38. Kh3 f5 0-1

[Event "Delft Prinsenstad op-A"]
[Site "Delft"]
[Date "2011.04.23"]
[Round "3"]
[White "Ootes, Lennart"]
[Black "Legemaat, Gert"]
[Result "0-1"]
[WhiteElo "2266"]
[BlackElo "2161"]
[PlyCount "70"]
[EventDate "2011.04.22"]
[EventType "swiss"]
[EventRounds "6"]
[EventCountry "NED"]
[SourceTitle "EXT 2013"]
[Source "ChessBase"]
[SourceDate "2012.11.22"]
[SourceVersion "1"]
[SourceVersionDate "2012.11.22"]
[SourceQuality "1"]

1. e4 e6 2. d4 d5 3. Nc3 Nc6 4. Nf3 Nf6 5. e5 Ne4 6. Ne2 f6 7. Nf4 Be7 8. Bd3 0-0 9. Qe2 fxe5 10. dxe5 Nc5 11. h4 Nxd3+ 12. Nxd3 b6 13. Ng5 Qe8 14. Rh3 Nd4 15. Qd1 c5 16. c3 Nc6 17. Qc2 Bxg5 18. hxg5 Qg6 19. Qa4 Qe4+ 20. Qxe4 dxe4 21. Nf4 Nxe5 22. b3 Rf5 23. Be3 Rxg5 24. 0-0-0 Nf7 25. Nh5 Rxg2 26. Ng3 e5 27. Rh4 g5 28. Rhh1 Bg4 29. Rd2 Bf3 30. Re1 h5 31. Nf5 h4 32. Rd7 h3 33. Ne7+ Kg7 34. Nf5+ Kf6 35. Ng3 h2 0-1

[Event "Groningen op-A"]
[Site "Groningen"]
[Date "2010.12.28"]
[Round "7"]
[White "Ootes, Lennart"]
[Black "Aronov, Igor Moiseevich"]
[Result "1-0"]
[WhiteElo "2173"]
[BlackElo "2207"]
[PlyCount "51"]
[EventDate "2010.12.21"]
[EventType "swiss"]
[EventRounds "9"]
[EventCountry "NED"]
[SourceTitle "CBM 140 Extra"]
[Source "ChessBase"]
[SourceDate "2011.03.01"]
[SourceVersion "1"]
[SourceVersionDate "2011.03.01"]
[SourceQuality "1"]

1. e4 Nf6 2. e5 Nd5 3. d4 d6 4. c4 Nb6 5. exd6 cxd6 6. Nc3 g6 7. b3 Bg7 8. Be3 0-0 9. Rc1 e6 10. Nf3 Nc6 11. Be2 Bd7 12. h4 e5 13. d5 Ne7 14. h5 Bg4 15. hxg6 hxg6 16. Ng5 Bxe2 17. Qxe2 Nf5 18. Bd2 Bh6 19. Nce4 Kg7 20. Rc3 Rh8 21. Rch3 Qd7 22. Qf3 Qe7 23. g4 Nd4 24. Qd3 Nd7 25. Rxh6 Rxh6 26. Rxh6 1-0

[Event "Groningen op-A"]
[Site "Groningen"]
[Date "2010.12.24"]
[Round "4"]
[White "Werle, Jan"]
[Black "Ootes, Lennart"]
[Result "1-0"]
[WhiteElo "2578"]
[BlackElo "2173"]
[PlyCount "87"]
[EventDate "2010.12.21"]
[EventType "swiss"]
[EventRounds "9"]
[EventCountry "NED"]
[SourceTitle "CBM 140 Extra"]
[Source "ChessBase"]
[SourceDate "2011.03.01"]
[SourceVersion "1"]
[SourceVersionDate "2011.03.01"]
[SourceQuality "1"]

1. d4 Nf6 2. c4 c5 3. d5 e5 4. Nc3 d6 5. e4 Nbd7 6. Nf3 Be7 7. g3 0-0 8. Bg2 b5 9. cxb5 a6 10. Bf1 Qc7 11. Nd2 Nb6 12. a4 axb5 13. Nxb5 Qb8 14. b3 Ne8 15. Be2 f5 16. 0-0 fxe4 17. Nxe4 Qb7 18. Nbc3 Bh3 19. Re1 Nc7 20. Bg5 Bxg5 21. Nxg5 Bf5 22. Bd3 g6 23. Bf1 Rab8 24. Nge4 Nc8 25. Bc4 Ne8 26. Qd2 Nf6 27. Nxf6+ Rxf6 28. a5 Na7 29. Re3 h5 30. Ne4 Bxe4 31. Rxe4 Rbf8 32. a6 Qg7 33. h4 Rf5 34. Ra2 R8f6 35. b4 cxb4 36. Qxb4 g5 37. Qb7 Rf7 38. Qb8+ Kh7 39. Qxd6 gxh4 40. Rxh4 R7f6 41. Qc5 Rg5 42. Qe3 Kh6 43. Be2 Qg6 44. Rxh5+ 1-0

[Event "Groningen op-A"]
[Site "Groningen"]
[Date "2010.12.21"]
[Round "1"]
[White "Ootes, Lennart"]
[Black "Pruijssers, Roeland"]
[Result "1-0"]
[WhiteElo "2173"]
[BlackElo "2487"]
[PlyCount "75"]
[EventDate "2010.12.21"]
[EventType "swiss"]
[EventRounds "9"]
[EventCountry "NED"]
[SourceTitle "CBM 140 Extra"]
[Source "ChessBase"]
[SourceDate "2011.03.01"]
[SourceVersion "1"]
[SourceVersionDate "2011.03.01"]
[SourceQuality "1"]

1. e4 e5 2. Nf3 Nc6 3. Bb5 a6 4. Ba4 Nf6 5. d3 b5 6. Bb3 Be7 7. c3 0-0 8. Nbd2 d6 9. Nf1 Na5 10. Bc2 c5 11. Ng3 Qc7 12. 0-0 Nc6 13. h3 Rd8 14. Nh2 d5 15. Qe2 Be6 16. Ng4 Nxg4 17. hxg4 d4 18. Nf5 c4 19. f4 Bc5 20. Kh1 dxc3 21. bxc3 f6 22. Rf3 b4 23. Bb2 bxc3 24. Bxc3 Bd4 25. dxc4 exf4 26. Bb3 Bxc3 27. Rxc3 g6 28. Nh6+ Kg7 29. Rh3 Qe5 30. Re1 Nd4 31. Qf2 Re8 32. Qh4 Kf8 33. Nf5 gxf5 34. exf5 Ne2 35. Rxe2 Qxe2 36. Qxf6+ Bf7 37. c5 Ra7 38. Qh6+ 1-0

[Event "Apeldoorn Homburg op"]
[Site "Apeldoorn"]
[Date "2010.09.11"]
[Round "3"]
[White "Ootes, Lennart"]
[Black "Spoelman, Wouter"]
[Result "0-1"]
[WhiteElo "2121"]
[BlackElo "2568"]
[PlyCount "72"]
[EventDate "2010.09.10"]
[EventType "swiss"]
[EventRounds "6"]
[EventCountry "NED"]
[SourceTitle "CBM 138 Extra"]
[Source "ChessBase"]
[SourceDate "2010.10.29"]
[SourceVersion "1"]
[SourceVersionDate "2010.10.29"]
[SourceQuality "1"]

1. e4 c5 2. Nf3 d6 3. d4 cxd4 4. Nxd4 Nf6 5. Nc3 Nc6 6. Bg5 e6 7. Qd2 a6 8. 0-0-0 Bd7 9. f3 Be7 10. h4 h6 11. Be3 h5 12. Kb1 Rc8 13. Bg5 Ne5 14. Bd3 b5 15. Rhf1 Qc7 16. Bxf6 gxf6 17. f4 Ng4 18. f5 Qb6 19. fxe6 fxe6 20. Nce2 b4 21. Rf3 Bf8 22. Qe1 a5 23. Qg1 Rg8 24. Rdf1 Be7 25. Rg3 a4 26. Rgf3 Qa5 27. Rg3 Bd8 28. b3 Bb6 29. Bc4 Qe5 30. Nf3 Qa5 31. Nfd4 Rxc4 32. bxc4 e5 33. Rd1 exd4 34. Nxd4 Qe5 35. Rgd3 Bc5 36. Qf1 Bxd4 0-1